000 00579nam a2200217 a 4500
001 0001-2220
003 ELIB.Books
008 190803 2010 eng
020 _a0030803055
092 _a320
_bSab
100 _aSabine, George H.
245 _aA History of Political Theory Fourth Edition
260 _aChicago
_bHolt, Rinehart and Winston
_c1973
300 _a871
_c24cm
650 _aPolitical Science
856 _nKBTS Library
_uKBTS Elib
942 _2ddc
_cBK
990 _a1
998 _aEnglishbooks.elf
_ccat
_e2019-08-03
999 _c12220
_d12220